|
|
|
|
| LEADER |
01156nam a2200337Ia 4500 |
| 001 |
EBC894233 |
| 003 |
MiAaPQ |
| 005 |
20200520144314.0 |
| 006 |
m o d | |
| 007 |
cr cn||||||||| |
| 008 |
111102s2012 nju s 001 0 eng d |
| 020 |
|
|
|z 9781118162330
|
| 020 |
|
|
|z 9781118226131
|
| 035 |
|
|
|a (MiAaPQ)EBC894233
|
| 035 |
|
|
|a (Au-PeEL)EBL894233
|
| 035 |
|
|
|a (CaPaEBR)ebr10602119
|
| 035 |
|
|
|a (CaONFJC)MIL391126
|
| 035 |
|
|
|a (OCoLC)811501287
|
| 040 |
|
|
|a MiAaPQ
|c MiAaPQ
|d MiAaPQ
|
| 050 |
|
4 |
|a HF5438.25
|b .P36 2012
|
| 100 |
1 |
|
|a Panas, Jerold.
|
| 245 |
1 |
0 |
|a Supremely successful selling
|h [electronic resource] :
|b discovering the magic ingredient /
|c Jerold Panas.
|
| 260 |
|
|
|a Hoboken, NJ :
|b Wiley,
|c 2012.
|
| 300 |
|
|
|a vii, 216 p.
|
| 500 |
|
|
|a Includes index.
|
| 533 |
|
|
|a Electronic reproduction. Ann Arbor, MI : ProQuest, 2015. Available via World Wide Web. Access may be limited to ProQuest affiliated libraries.
|
| 650 |
|
0 |
|a Selling.
|
| 650 |
|
0 |
|a Business.
|
| 655 |
|
4 |
|a Electronic books.
|
| 710 |
2 |
|
|a ProQuest (Firm)
|
| 856 |
4 |
0 |
|u https://ebookcentral.proquest.com/lib/matrademy/detail.action?docID=894233
|z Click to View
|